| 000 | 00694cam a2200241 a 4500 | ||
|---|---|---|---|
| 001 | 16976100 | ||
| 005 | 20180215035551.0 | ||
| 008 | 110919s2012 nyua b 001 0 eng c | ||
| 010 | _a 2011039297 | ||
| 020 | _a9780199759491 | ||
| 040 |
_aNIC/DLC _cNIC _dDLC |
||
| 041 | _aeng | ||
| 043 | _aa------ | ||
| 080 | _a200.95 ESP | ||
| 082 | 0 | 0 |
_a200.95 ESP _223 |
| 100 | 1 | _a24 | |
| 101 | _aTEO | ||
| 245 | 1 | 0 |
_aReligions of Asia today / _cJohn L. Esposito, Darrell J. Fasching, Todd Lewis. |
| 504 | _aIncludes bibliographical references and index. | ||
| 906 |
_a7 _bcbc _corignew _d1 _eecip _f20 _gy-gencatlg |
||
| 942 |
_2ddc _cBK |
||
| 999 |
_c42592 _d42592 |
||